000 00277nam a22001097a 4500
008 170124b xxu||||| |||| 00| 0 eng d
020 _a9780781753821
041 _aeng
080 _25TH
_a618.2
245 _aNUTRITION ESSENTIALS FOR NURSING PRACTICE
_cDUDEK, S.G
942 _2udc
_cBK
999 _c3497
_d3497